|
|
|
|
| LEADER |
03764nam a2200781 a 4500 |
| 001 |
nkc20071763970 |
| 003 |
CZ PrNK |
| 005 |
20160528235006.0 |
| 007 |
ta |
| 008 |
080320s2007 xr abe f 100 0 cze |
| 015 |
|
|
|a cnb001763970
|
| 020 |
|
|
|a 978-80-7028-321-9
|q (Moravské zemské muzeum ;
|q v knize neuvedeno ;
|q váz.)
|
| 020 |
|
|
|a 978-80-254-0954-1
|q (Ústav archeologie a muzeologie ;
|q váz.)
|
| 035 |
|
|
|a (OCoLC)228778457
|
| 040 |
|
|
|a ABA001
|b cze
|
| 041 |
0 |
|
|a cze
|a slo
|b ger
|
| 043 |
|
|
|a e-xr---
|a e-xo---
|
| 072 |
|
7 |
|a 902
|x Archeologie
|2 Konspekt
|9 8
|
| 080 |
|
|
|a 902.2
|2 MRF
|
| 080 |
|
|
|a 903.2
|2 MRF
|
| 080 |
|
|
|a 903'16
|2 MRF
|
| 080 |
|
|
|a 903"637"
|2 MRF
|
| 080 |
|
|
|a 903"6383/6385"
|2 MRF
|
| 080 |
|
|
|a (437.3)
|2 MRF
|
| 080 |
|
|
|a (437.6)
|2 MRF
|
| 080 |
|
|
|a (062.534)
|2 MRF
|
| 111 |
2 |
|
|a Doba popolnicových polí a doba halštatská (konference)
|n (9. :
|d 2006 :
|c Bučovice, Vyškov, Česko)
|7 pna2008435331
|
| 245 |
1 |
0 |
|a Doba popelnicových polí a doba halštatská :
|b příspěvky z IX. konference, Bučovice 3.-6.10.2006 = Die Urnenfelderzeit und die Hallstattzeit : Beiträge aus IX. Konferenz, Bučovice 3.-6.10.2006 /
|c editoři Milan Salaš a Klára Šabatová
|
| 246 |
3 |
1 |
|a Urnenfelderzeit und die Hallstattzeit
|
| 250 |
|
|
|a 1. vyd.
|
| 260 |
|
|
|a Brno :
|b Masarykova univerzita,
|c 2007
|
| 300 |
|
|
|a 330 s. :
|b il. (některé barev.), mapy, plány ;
|c 31 cm
|
| 500 |
|
|
|a Pod názvem: Ústav archeologie a muzeologie Filozofické fakulty Masarykovy univerzity ve spolupráci s Archeologickým ústavem Moravského zemského muzea, Národním ústavem památkové péče, územní pracoviště Brno
|
| 500 |
|
|
|a 400 výt.
|
| 504 |
|
|
|a Obsahuje bibliografie
|
| 546 |
|
|
|a Část. slovenský text, německá resumé
|
| 650 |
0 |
7 |
|a archeologické výzkumy
|7 ph118577
|z Česko
|2 czenas
|
| 650 |
0 |
7 |
|a archeologické výzkumy
|7 ph118577
|z Slovensko
|2 czenas
|
| 650 |
0 |
7 |
|a archeologické nálezy
|7 ph137683
|z Česko
|2 czenas
|
| 650 |
0 |
7 |
|a archeologické nálezy
|7 ph137683
|z Slovensko
|2 czenas
|
| 650 |
0 |
7 |
|a kultury popelnicových polí
|7 ph136537
|z Česko
|2 czenas
|
| 650 |
0 |
7 |
|a kultury popelnicových polí
|7 ph136537
|z Slovensko
|2 czenas
|
| 650 |
0 |
9 |
|a excavations (archaeology)
|z Czechia
|2 eczenas
|
| 650 |
0 |
9 |
|a excavations (archaeology)
|z Slovakia
|2 eczenas
|
| 650 |
0 |
9 |
|a antiquities
|z Czechia
|2 eczenas
|
| 650 |
0 |
9 |
|a antiquities
|z Slovakia
|2 eczenas
|
| 650 |
0 |
9 |
|a urnfield culture
|z Czechia
|2 eczenas
|
| 650 |
0 |
9 |
|a urnfield culture
|z Slovakia
|2 eczenas
|
| 651 |
|
7 |
|a Česko
|7 ge128065
|y doba bronzová
|2 czenas
|
| 651 |
|
7 |
|a Česko
|7 ge128065
|y doba halštatská
|2 czenas
|
| 651 |
|
7 |
|a Slovensko
|7 ge128580
|y doba bronzová
|2 czenas
|
| 651 |
|
9 |
|a Czechia
|y bronze age
|2 eczenas
|
| 651 |
|
9 |
|a Czechia
|y Hallstatt period
|2 eczenas
|
| 651 |
|
9 |
|a Slovakia
|y bronze age
|2 eczenas
|
| 655 |
|
7 |
|a sborníky konferencí
|7 fd133333
|2 czenas
|
| 655 |
|
9 |
|a proceedings of conferences
|2 eczenas
|
| 700 |
1 |
|
|a Salaš, Milan,
|d 1957-
|7 mzk2002161000
|4 edt
|
| 700 |
1 |
|
|a Šabatová, Klára,
|d 1975-
|7 mzk2003194704
|4 edt
|
| 710 |
2 |
|
|a Masarykova univerzita.
|b Ústav archeologie a muzeologie
|7 kn20020322418
|
| 710 |
2 |
|
|a Moravské zemské muzeum (Brno, Česko).
|b Archeologický ústav
|7 pna2008435332
|
| 710 |
2 |
|
|a Národní památkový ústav.
|b Územní odborné pracoviště v Brně
|7 kn20030902004
|
| 856 |
4 |
1 |
|u http://www.digitalniknihovna.cz/mzk/uuid/uuid:2609ff10-0ab0-11e6-93aa-005056827e51
|y Digitalizovaný dokument
|x NDK
|
| 910 |
2 |
|
|a BOA001
|b 4-1199.560
|
| 990 |
|
|
|a BK
|
| 995 |
|
|
|a 01
|
| 991 |
|
|
|b 200804
|c NOV
|
| 996 |
6 |
|
|b 2610338157
|c 4-1199.560
|l MZK
|r Sklad / do 1 hodiny
|n 5
|p p.v.
|w 000889108
|u 000010
|a 1
|e BOA001
|j MZK50
|s P
|
| 996 |
7 |
|
|b 2610338158
|c 4-1199.560
|l Vol.výběr
|r VV 1p
|n 29
|p p.v.
|h 902 DOB
|w 000889108
|u 000020
|a 0
|e BOA001
|j MZK50
|s A
|